Planetary astronomy from the renaissance to the rise of astrophysics (Record no. 11615)

MARC details
000 -LEADER
fixed length control field 00735nam a2200217Ia 4500
003 - CONTROL NUMBER IDENTIFIER
control field IN-BaIIA
008 - FIXED-LENGTH DATA ELEMENTS--GENERAL INFORMATION
fixed length control field 211028s9999 xx 000 0 eng d
020 ## - INTERNATIONAL STANDARD BOOK NUMBER
International Standard Book Number 0-521-35168-5
040 ## - CATALOGING SOURCE
Transcribing agency IIA Library
080 ## - UNIVERSAL DECIMAL CLASSIFICATION NUMBER
Universal Decimal Classification number 52(091)
Item number TAT
100 ## - MAIN ENTRY--PERSONAL NAME
Personal name Taton, Rene
9 (RLIN) 20062
245 #0 - TITLE STATEMENT
Title Planetary astronomy from the renaissance to the rise of astrophysics
Remainder of title pt. B, the eighteenth and nineteenth centuries.
Statement of responsibility, etc. Rene Taton
260 ## - PUBLICATION, DISTRIBUTION, ETC.
Place of publication, distribution, etc. UK, Cambridge
Name of publisher, distributor, etc. Cambridge University Press
Date of publication, distribution, etc. 1995
300 ## - PHYSICAL DESCRIPTION
Extent xiii, 281p.
650 ## - SUBJECT ADDED ENTRY--TOPICAL TERM
Topical term or geographic name entry element Astronomy
9 (RLIN) 80
650 ## - SUBJECT ADDED ENTRY--TOPICAL TERM
Topical term or geographic name entry element Astrophysics
9 (RLIN) 794
650 ## - SUBJECT ADDED ENTRY--TOPICAL TERM
Topical term or geographic name entry element Eighteenth Century
9 (RLIN) 20063
650 ## - SUBJECT ADDED ENTRY--TOPICAL TERM
Topical term or geographic name entry element History
9 (RLIN) 7064
650 ## - SUBJECT ADDED ENTRY--TOPICAL TERM
Topical term or geographic name entry element Nineteenth Century
9 (RLIN) 18245
942 ## - ADDED ENTRY ELEMENTS (KOHA)
Koha item type Books
Holdings
Withdrawn status Lost status Damaged status Not for loan Home library Current library Shelving location Date acquired Source of acquisition Cost, normal purchase price Total Checkouts Full call number Barcode Date last seen Cost, replacement price Price effective from Koha item type Purchase Price
        IIA Library-Bangalore IIA Library-Bangalore General Stacks 03/01/1996 SVS 2398.50   52(091)/ TAT 12530 05/11/2021 2398.50 03/01/1996 Books Rs. 2398.50

Powered by Koha